All Legendary Pokémon By Picture - Statistics

General Stats
  • This quiz has been taken 1,696 times
  • The average score is 48 of 77
Answer Stats
Picture Answer % Correct
Articuno
97%
Zapdos
97%
Moltres
95%
Regirock
91%
Entei
90%
Latios
90%
Regice
90%
Registeel
90%
Latias
89%
Suicune
88%
Mewtwo
86%
Regigigas
84%
Ho-Oh
83%
Lugia
83%
Raikou
82%
Groudon
81%
Palkia
81%
Kyogre
80%
Rayquaza
80%
Dialga
79%
Heatran
78%
Giratina
76%
Tapu Koko
75%
Reshiram
74%
Zekrom
74%
Tapu Lele
69%
Uxie
69%
Azelf
68%
Cresselia
68%
Lunala
67%
Zygarde
67%
Mesprit
66%
Landorus
65%
Xerneas
65%
Yveltal
65%
Tapu Bulu
64%
Tapu Fini
64%
Cosmog
63%
Kyurem
63%
Regidrago
63%
Tornadus
63%
Cobalion
62%
Solgaleo
62%
Type: Null
62%
Terrakion
60%
Thundurus
60%
Zacian
59%
Virizion
58%
Buzzwole
56%
Guzzlord
56%
Necrozma
56%
Zamazenta
56%
Eternatus
55%
Regieleki
55%
Urshifu
52%
Cosmoem
51%
Silvally
49%
Kubfu
48%
Kartana
47%
Miraidon
45%
Koraidon
44%
Stakataka
44%
Nihilego
41%
Poipole
41%
Xurkitree
41%
Celesteela
39%
Chien-Pao
39%
Calyrex
38%
Enamorus
38%
Pheromosa
37%
Naganadel
36%
Blacephalon
35%
Spectrier
34%
Chi-Yu
33%
Ting-Lu
33%
Wo-Chien
33%
Glastrier
32%
No matching quizzes found
Score Distribution
Percent of People with Each Score
Percentile by Number Answered
Your Score History
You have not taken this quiz